| 000 | 00000cas 2200000zi 4500 |
| 001 | 9.885609 |
| 003 | CaOODSP |
| 005 | 20260316111909 |
| 006 | m o d f |
| 007 | cr cn||||||||| |
| 008 | 200313c20199999oncar p o f0###b0fre|d |
| 022 | |a2818-1492 |
| 040 | |aCaOODSP|bfre|erda|cCaOODSP |
| 043 | |an-cn--- |
| 086 | 1 |aCP100-4F-PDF |
| 110 | 2 |aComité des parlementaires sur la sécurité nationale et le renseignement (Canada)|eauteur, |eorganisme de publication. |
| 222 | 0|aÉtat des résultats prospectif pour les exercices se terminant le ... |b(Secrétariat du Comité des parlementaires sur la sécurité nationale et le renseignement (Canada)) |
| 245 | 10|aÉtat des résultats prospectif pour les exercises se terminant le ... |
| 246 | 1 |iLes livraisons du 31 mars 2022 et le 31 mars 2023- comportent le titre : |aÉtat des résultats prospectifs (non audité) pour les exercises se terminant le ... |
| 264 | 1|a[Ottawa] : |bSécretariat du Comité des parlementaires sur la sécurité nationale et le renseignement, |c[2018]- |
| 310 | |aAnnuel |
| 336 | |atexte|btxt|2rdacontent/fre |
| 337 | |ainformatique|bc|2rdamedia/fre |
| 338 | |aressource en ligne|bcr|2rdacarrier/fre |
| 362 | 1 |aParaît depuis : 31 mars 2018 et le 31 mars 2019. |
| 500 | |aPublié aussi en anglais sous le titre : Future-oriented statement of operations for the years ending ... |
| 588 | |aDescription d'après : 31 mars 2018 et le 31 mars 2019. |
| 588 | |aDernière livraison consultée : 31 mars 2023 et le 31 mars 2024. |
| 610 | 26|aComité des parlementaires sur la sécurité nationale et le renseignement (Canada)|xCrédits budgétaires et dépenses|vPériodiques. |
| 650 | 6|aFinances publiques|zCanada|xPrévision|vPériodiques. |
| 655 | 7|aPériodiques|2rvmgf |
| 775 | 08|tFuture-oriented statement of operations for the years ending ...|w(CaOODSP)9.885608 |